Women who win / (Record no. 7288)

MARC details
000 -LEADER
fixed length control field 00859cam a2200277 i 4500
001 - CONTROL NUMBER
control field 3698826
003 - CONTROL NUMBER IDENTIFIER
control field GBCCL
005 - DATE AND TIME OF LATEST TRANSACTION
control field 20241126110624.0
008 - FIXED-LENGTH DATA ELEMENTS--GENERAL INFORMATION
fixed length control field 790301s1979 njua 000 0 eng
010 ## -
-- 79011390
020 ## - INTERNATIONAL STANDARD BOOK NUMBER
International Standard Book Number 0800709934 :
Terms of availability $6.95
040 ## - CATALOGING SOURCE
Original cataloging agency DLC
Transcribing agency DLC
Modifying agency DLC
043 ## -
-- n-us---
050 00 -
-- HF5386
-- .C897
082 00 - DEWEY DECIMAL CLASSIFICATION NUMBER
Classification number 658.40092
Item number CRO
100 1# - MAIN ENTRY--PERSONAL NAME
Personal name Crowley, Mary C.
9 (RLIN) 12812
245 10 - TITLE STATEMENT
Title Women who win /
Statement of responsibility, etc. Mary C. Crowley.
260 ## - PUBLICATION, DISTRIBUTION, ETC.
Place of publication, distribution, etc. Old Tappan, N.J. :
Name of publisher, distributor, etc. F. H. Revell Co.,
Date of publication, distribution, etc. c1979.
300 ## - PHYSICAL DESCRIPTION
Extent 160 p. :
Other physical details ill. ;
Dimensions 22 cm.
505 ## - FORMATTED CONTENTS NOTE
Formatted contents note other title , A Turtle on a fencepost by Allan C Emery.
650 #0 - SUBJECT ADDED ENTRY--TOPICAL TERM
Topical term or geographic name entry element Success in business
Geographic subdivision United States.
9 (RLIN) 12813
650 #0 - SUBJECT ADDED ENTRY--TOPICAL TERM
Topical term or geographic name entry element Women executives
Geographic subdivision United States.
9 (RLIN) 12814
650 #0 - SUBJECT ADDED ENTRY--TOPICAL TERM
Topical term or geographic name entry element Women
General subdivision Religious life.
9 (RLIN) 3730
906 ## - LOCAL DATA ELEMENT F, LDF (RLIN)
a 7
b cbc
c orignew
d 1
e ocip
f 19
g y-gencatlg
942 ## - ADDED ENTRY ELEMENTS (KOHA)
Source of classification or shelving scheme Dewey Decimal Classification
Koha item type Books
Holdings
Withdrawn status Lost status Source of classification or shelving scheme Damaged status Not for loan Home library Current Library Shelving location Date acquired Total checkouts Full call number Barcode Date last seen Copy number Price effective from Koha item type
    Dewey Decimal Classification     GRACE BIBLE COLLEGE GRACE BIBLE COLLEGE General Studies 2018-07-24   658.40092 CRO 001029 2025-05-01 c.1 2018-07-24 Books
© Grace Bible College Library 2025